All Countries Visited in Vinland Saga - Statistics

General Stats
  • This quiz has been taken 74 times
  • The average score is 6 of 8
Answer Stats
Hint Answer % Correct
Where Thorfinn first sets out from Iceland
93%
Where Ketil's farm is located Denmark
89%
Where Thorfinn is undercover as a woman's late son John England
82%
Where Thorfinn is attacked by a bear Norway
80%
Country which Askeladd most associates as his nationality Wales
76%
Country which is the "land far to the west of here, across the great ocean" Canada
73%
Homeland of Arnheid, Gardar, and Hjalti Sweden
69%
Where Askeladd seizes all the treasure and leaves Jabbathe with a raided fort France
65%
No matching quizzes found
Score Distribution
Percent of People with Each Score
Percentile by Number Answered
Your Score History
You have not taken this quiz